The noble scholar, jurist, historian


 His Excellency Dr. Abdul Wahhab bin Ibrahim Abu Sulaiman, may Allah have mercy on him.


 He was born in Umm Al-Qura in the year 1356 AH.

صناعة المخطوط العربي الإسلامي من الترميم إلى التجليد / (Record no. 6606)

MARC details
000 -LEADER
fixed length control field 01242cam a22002411i 4500
003 - CONTROL NUMBER IDENTIFIER
control field SA-RiAUC
005 - DATE AND TIME OF LATEST TRANSACTION
control field 20250324130129.0
008 - FIXED-LENGTH DATA ELEMENTS--GENERAL INFORMATION
fixed length control field 250321s1997 ts ao g 100r0 ara c
040 ## - CATALOGING SOURCE
Original cataloging agency SA-RiAUC
Language of cataloging ara
Transcribing agency SA-RiAUC
Description conventions rda
082 04 - DEWEY DECIMAL CLASSIFICATION NUMBER
Classification number 091.0288
Assigning agency SA-RiAUC
090 ## - LOCALLY ASSIGNED LC-TYPE CALL NUMBER (OCLC); LOCAL CALL NUMBER (RLIN)
Classification number (OCLC) (R) ; Classification number, CALL (RLIN) (NR) 091.0288
Local cutter number (OCLC) ; Book number/undivided call number, CALL (RLIN) د و ر
111 2# - MAIN ENTRY--MEETING NAME
Meeting name or jurisdiction name as entry element الدورة التدريبية الدولية لصناعة المخطوط العربي الإسلامي
Number of part/section/meeting (1 :
Date of meeting or treaty signing 1997 :
Location of meeting دبي، الإمارات العربية المتحدة)
245 10 - TITLE STATEMENT
Title صناعة المخطوط العربي الإسلامي من الترميم إلى التجليد /
Statement of responsibility, etc. قدم له ووضع فهارسه عز الدين بن زغيبة.
264 #1 - PRODUCTION, PUBLICATION, DISTRIBUTION, MANUFACTURE, AND COPYRIGHT NOTICE
Place of production, publication, distribution, manufacture دبي، الإمارات العربية المتحدة :
Name of producer, publisher, distributor, manufacturer مركز جمعة الماجد للثقافة والتراث،
Date of production, publication, distribution, manufacture, or copyright notice 1997
300 ## - PHYSICAL DESCRIPTION
Extent 669 صفحة :
Other physical details جداول، صور ؛
Dimensions 24 سم
336 ## - CONTENT TYPE
Content type term نص
Content type code txt
Source rdacontent
Materials specified كتاب
337 ## - MEDIA TYPE
Media type term بدون وسيط
Media type code n
Source rdamedia
338 ## - CARRIER TYPE
Carrier type term مجلد
Carrier type code nc
Source rdacarrier
650 #7 - SUBJECT ADDED ENTRY--TOPICAL TERM
Topical term or geographic name entry element المخطوطات العربية
General subdivision حفظ وترميم
Form subdivision مؤتمرات
Source of heading or term aucsh
700 1# - ADDED ENTRY--PERSONAL NAME
Personal name بن زغيبة، عز الدين،
Dates associated with a name 1965-‏
Relator term مقدم.
942 ## - ADDED ENTRY ELEMENTS (KOHA)
Source of classification or shelving scheme Dewey Decimal Classification
Koha item type Books
Suppress in OPAC No
949 ## - LOCAL PROCESSING INFORMATION (OCLC)
a SA-JeALM
d 250321
u mohamedma123
n 1
Holdings
Withdrawn status Lost status Source of classification or shelving scheme Damaged status Not for loan Home library Current library Date acquired Total checkouts Full call number Barcode Date last seen Price effective from Koha item type
    Dewey Decimal Classification     DR AbdElwahab Library DR AbdElwahab Library 03/24/2025   091.0288 د و ر 000011101 03/24/2025 03/24/2025 Books